Taco Hemingway - 1-800-OŚWIECENIE - Statystyki

Ogólne statystyki
  • Ten quiz został rozwiązany 13 razy
  • Średni wynik to 9 z 27
Statystyki odpowiedzi
1-800-OŚWIECENIE % Poprawnych
Gelato
92%
1-800-OŚWIECENIE
77%
Cichosza
77%
Całe Lata
69%
Makarena Freestyle
69%
Mix Sałat
69%
Niedziela
69%
Nametag
62%
1000 Dni Freestyle
54%
Pakiet Platinium
54%
EINECEIWŚO 008-1
46%
Main Stage Freestyle
46%
Może To Coś Zmieni?
31%
Codziennie
23%
#10 - JESTEM
8%
#11 - LUSTERKO WSTECZNE
8%
#1 - WIELKOMIEJSKA BEZSENNOŚĆ
8%
#2 - GRZEZNĄĆ W CISZY
8%
#3 - TUTTO PASSA
8%
#4 - NESESER
8%
#5 - GŁOSÓWKI DO REDAKCJI
8%
#6 - DOBRY JAK DOBRY
8%
#7 - PRACA DOMOWA
8%
#8 - KĄCIK KONSPIRACYJNY
8%
#9 - SŁYSZY PAN?
8%
TU RADIO MARMUR #1
8%
TU RADIO MARMUR #2
8%
Nie znaleziono quizów pasujących do podanych kryteriów
Rozkład punktacji
Procent ludzi z każdym wynikiem
Percentyl według liczby udzielonych odpowiedzi
Twoja historia wyników
Nie rozwiązałeś tego quizu